[Event "RM-2022-0-00275"]
[Site "LSS email"]
[Date "2022.12.16"]
[Round "?"]
[White "Hughes, Stephen J"]
[Black "Zholob, Anatolij"]
[Result "1/2-1/2"]
[WhiteElo "2315"]
[BlackElo "2216"]
[PlyCount "82"]
[EventDate "2022.10.30"]
[EventType "tourn (corr)"]
[EventRounds "6"]
[EventCountry "GER"]
[SourceTitle "Corr 2024"]
[Source "ChessBase"]
[SourceDate "2023.10.19"]
[SourceVersion "1"]
[SourceVersionDate "2023.10.19"]
[SourceQuality "1"]

1. e4 e6 2. d4 d5 3. Nd2 Nf6 4. e5 Nfd7 5. f4 c5 6. c3 Nc6 7. Ndf3 a5 8. Bd3 cxd4 9. cxd4 Bb4+ 10. Kf2 a4 11. h4 Nb6 12. Ne2 Be7 13. h5 Bd7 14. Rh3 Nc4 15. Rg3 g6 16. Rh3 Rg8 17. Kg1 Nb4 18. Bb1 a3 19. b3 Nb2 20. Qd2 Bb5 21. Nc3 Ba6 22. Bxb2 axb2 23. Qxb2 Rc8 24. a3 Qc7 25. Ne1 Nc6 26. Na4 gxh5 27. Kh2 Rg4 28. Qf2 Qd8 29. Bxh7 f5 30. Rxh5 Kd7 31. Rc1 Kc7 32. Nc5 Bxc5 33. Rxc5 Kb8 34. b4 Bc4 35. b5 Nxd4 36. Rxc8+ Kxc8 37. Bg8 Qxg8 38. Qxd4 Bxb5 39. Rh3 Bc4 40. Qa7 Kc7 41. Qf2 Kb8 1/2-1/2

[Event "RM-2022-0-00275"]
[Site "LSS email"]
[Date "2022.12.14"]
[Round "?"]
[White "Hughes, Stephen J"]
[Black "Ozen, Bahadir"]
[Result "1/2-1/2"]
[WhiteElo "2315"]
[BlackElo "2247"]
[PlyCount "78"]
[EventDate "2022.10.30"]
[EventType "tourn (corr)"]
[EventRounds "6"]
[EventCountry "GER"]
[SourceTitle "Corr 2024"]
[Source "ChessBase"]
[SourceDate "2023.10.19"]
[SourceVersion "1"]
[SourceVersionDate "2023.10.19"]
[SourceQuality "1"]

1. e4 c5 2. Nf3 d6 3. d4 cxd4 4. Nxd4 Nf6 5. Nc3 a6 6. Be3 e5 7. Nb3 Be6 8. f3 h5 9. Nd5 Bxd5 10. exd5 Nbd7 11. Qd2 g6 12. Be2 Bg7 13. 0-0 b6 14. c4 0-0 15. Rae1 Re8 16. Bg5 Qc7 17. Kh1 Rac8 18. Bd3 Nh7 19. Be3 Nhf6 20. Bg5 Nh7 21. Be3 Nhf6 22. Qd1 a5 23. a4 h4 24. Bf2 h3 25. g3 Nc5 26. Nxc5 bxc5 27. b3 Qd7 28. Re2 Re7 29. Be1 Rce8 30. Qc2 Qd8 31. Bd2 e4 32. fxe4 Ng4 33. Bg5 f6 34. Bc1 Qd7 35. Bb2 f5 36. Bxg7 Kxg7 37. exf5 Rxe2 38. Bxe2 gxf5 39. Rf3 Qe7 1/2-1/2

[Event "ST-2022-0-00223"]
[Site "LSS email"]
[Date "2022.10.28"]
[Round "?"]
[White "Bernal Varela, Nelson"]
[Black "Hughes, Stephen J"]
[Result "1/2-1/2"]
[WhiteElo "2375"]
[BlackElo "2306"]
[PlyCount "90"]
[EventDate "2022.04.24"]
[EventType "tourn (corr)"]
[EventRounds "6"]
[EventCountry "GER"]
[SourceTitle "Corr 2024"]
[Source "ChessBase"]
[SourceDate "2023.10.19"]
[SourceVersion "1"]
[SourceVersionDate "2023.10.19"]
[SourceQuality "1"]

1. e4 e6 2. d4 d5 3. e5 c5 4. c3 Nc6 5. Nf3 Qb6 6. Bd3 cxd4 7. 0-0 Bd7 8. Re1 Nge7 9. h4 h6 10. h5 a6 11. Nbd2 dxc3 12. bxc3 Nc8 13. Rb1 Qd8 14. Nb3 b5 15. Nfd4 Nb6 16. Qg4 Rc8 17. Nc5 Bxc5 18. Qxg7 Rf8 19. Bxh6 Qh4 20. g3 Qxh5 21. Kg2 Nc4 22. Nf3 N4xe5 23. Nxe5 Nxe5 24. Rxe5 f5 25. Rbe1 Qf7 26. Qg5 Rg8 27. Qxf5 Rc6 28. Rxd5 Qxf5 29. Rxf5 Be7 30. Rh5 Bf6 31. Bc1 Rh8 32. Bg6+ Ke7 33. Rxh8 Bxh8 34. Rh1 Bxc3 35. Rh7+ Kd6 36. f3 a5 37. Be4 Rc4 38. Bf4+ e5 39. Bh6 b4 40. g4 Rxe4 41. fxe4 Bxg4 42. Ra7 Kc5 43. Rxa5+ Kd4 44. Bf8 Ke3 45. Rb5 Be6 1/2-1/2

[Event "ST-2022-0-00223"]
[Site "LSS email"]
[Date "2022.10.28"]
[Round "?"]
[White "Corti, Horacio"]
[Black "Hughes, Stephen J"]
[Result "1/2-1/2"]
[WhiteElo "2359"]
[BlackElo "2306"]
[PlyCount "67"]
[EventDate "2022.04.24"]
[EventType "tourn (corr)"]
[EventRounds "6"]
[EventCountry "GER"]
[SourceTitle "Corr 2024"]
[Source "ChessBase"]
[SourceDate "2023.10.19"]
[SourceVersion "1"]
[SourceVersionDate "2023.10.19"]
[SourceQuality "1"]

1. d4 d5 2. Nf3 Nf6 3. g3 c5 4. Bg2 cxd4 5. 0-0 e6 6. Nxd4 e5 7. Nb3 Be6 8. c4 Nc6 9. cxd5 Nxd5 10. N1d2 Be7 11. Ne4 b6 12. Nc3 Ndb4 13. Qxd8+ Rxd8 14. a3 Nd5 15. Bd2 Bf6 16. Nxd5 Bxd5 17. Bc3 h5 18. Rac1 0-0 19. Nd2 Nd4 20. Rfe1 Rfe8 21. Bxd5 Rxd5 22. e4 Rc5 23. Bxd4 exd4 24. Rxc5 bxc5 25. Kf1 d3 26. Re3 Bxb2 27. Rxd3 Bd4 28. f4 Rb8 29. Nf3 Rb2 30. e5 Kf8 31. Nxd4 cxd4 32. Kg1 Ra2 33. Rxd4 Rxa3 34. Kg2 1/2-1/2

[Event "ST-2022-0-00223"]
[Site "LSS email"]
[Date "2022.10.28"]
[Round "?"]
[White "Szczepanski, Zbigniew"]
[Black "Hughes, Stephen J"]
[Result "1/2-1/2"]
[WhiteElo "2398"]
[BlackElo "2306"]
[PlyCount "72"]
[EventDate "2022.04.24"]
[EventType "tourn (corr)"]
[EventRounds "6"]
[EventCountry "GER"]
[SourceTitle "Corr 2024"]
[Source "ChessBase"]
[SourceDate "2023.10.19"]
[SourceVersion "1"]
[SourceVersionDate "2023.10.19"]
[SourceQuality "1"]

1. d4 d5 2. c4 e6 3. Qc2 dxc4 4. e3 c5 5. Nf3 cxd4 6. exd4 a6 7. Bxc4 Be7 8. 0-0 Nf6 9. Rd1 b5 10. Be2 Bb7 11. a4 Nbd7 12. Ne5 b4 13. a5 Rc8 14. Qb3 Qc7 15. Bf4 Nd5 16. Bg3 Nxe5 17. Nd2 0-0 18. Bxe5 Qc2 19. Bd3 Qc6 20. Bf1 Qc2 21. Qg3 f6 22. Bd3 Qc6 23. Qh3 h6 24. Bg3 f5 25. Be5 Bg5 26. Qf3 Nf4 27. Qxc6 Rxc6 28. Bc4 Ng6 29. b3 Rd8 30. Nf3 Nxe5 31. dxe5 Rxd1+ 32. Rxd1 Rc5 33. Nxg5 hxg5 34. Bxe6+ Kf8 35. Bxf5 Rxe5 36. Rd8+ Ke7 1/2-1/2

[Event "SM-2021-0-00454"]
[Site "LSS email"]
[Date "2021.11.26"]
[Round "?"]
[White "Bordenave, Roberto"]
[Black "Hughes, Stephen J"]
[Result "1/2-1/2"]
[WhiteElo "2274"]
[BlackElo "2290"]
[PlyCount "37"]
[EventDate "2021.08.16"]
[EventType "tourn (corr)"]
[EventRounds "6"]
[EventCountry "GER"]
[SourceTitle "Corr 2024"]
[Source "ChessBase"]
[SourceDate "2023.10.19"]
[SourceVersion "1"]
[SourceVersionDate "2023.10.19"]
[SourceQuality "1"]

1. d4 d5 2. c4 e6 3. Nc3 Nf6 4. cxd5 exd5 5. Bg5 c6 6. e3 h6 7. Bh4 Be7 8. Bd3 0-0 9. Nge2 Nbd7 10. Qc2 Re8 11. 0-0 a5 12. Rac1 Nh5 13. Bxe7 Qxe7 14. Bh7+ Kh8 15. Bd3 Kg8 16. Rce1 Nf8 17. Qd2 Ne6 18. Rd1 Nf6 19. h3 1/2-1/2

[Event "SM-2021-0-00451"]
[Site "LSS email"]
[Date "2021.10.10"]
[Round "?"]
[White "Hughes, Stephen J"]
[Black "Kudr, Roman"]
[Result "1/2-1/2"]
[WhiteElo "2291"]
[BlackElo "2258"]
[PlyCount "78"]
[EventDate "2021.06.29"]
[EventType "tourn (corr)"]
[EventRounds "6"]
[EventCountry "GER"]
[SourceTitle "Corr 2024"]
[Source "ChessBase"]
[SourceDate "2023.10.19"]
[SourceVersion "1"]
[SourceVersionDate "2023.10.19"]
[SourceQuality "1"]

1. e4 c5 2. Nf3 d6 3. d4 cxd4 4. Nxd4 Nf6 5. Nc3 a6 6. Be3 e5 7. Nb3 Be6 8. f3 h5 9. Nd5 Bxd5 10. exd5 Nbd7 11. Qd2 g6 12. Be2 Bg7 13. 0-0 b6 14. Kh1 0-0 15. Rad1 Re8 16. g4 hxg4 17. fxg4 Ne4 18. Qb4 Ndc5 19. Nxc5 Nxc5 20. Qe1 e4 21. b3 Rc8 22. Qg3 b5 23. Rf2 Be5 24. Qh3 Rc7 25. Rdf1 f6 26. Qh6 Rg7 27. g5 f5 28. h4 Nd7 29. h5 Nf8 30. hxg6 Nxg6 31. Bh5 Nh4 32. Bxe8 Qxe8 33. Kg1 Rh7 34. Qe6+ Qxe6 35. dxe6 Re7 36. c4 bxc4 37. bxc4 Rxe6 38. Rxf5 Nxf5 39. Rxf5 Kg7 1/2-1/2

[Event "ZH-2021-0-01922"]
[Site "LSS email"]
[Date "2021.03.26"]
[Round "?"]
[White "Hughes, Stephen J"]
[Black "Enev, Zlatko"]
[Result "1/2-1/2"]
[WhiteElo "2276"]
[BlackElo "2393"]
[PlyCount "91"]
[EventDate "2021.03.26"]
[EventType "match (corr)"]
[EventRounds "2"]
[EventCountry "GER"]
[SourceTitle "Corr 2022"]
[Source "ChessBase"]
[SourceDate "2021.10.24"]
[SourceVersion "1"]
[SourceVersionDate "2021.10.24"]
[SourceQuality "1"]

1. e4 Nc6 2. Nf3 d6 3. d4 Nf6 4. Nc3 g6 5. d5 Nb8 6. Be3 Bg7 7. Qd2 c6 8. h3 0-0 9. Bh6 b5 10. Bxg7 Kxg7 11. a3 Qb6 12. Be2 Ba6 13. dxc6 Nxc6 14. Nd5 Nxd5 15. exd5 Ne5 16. Nd4 Bb7 17. h4 h5 18. Nxb5 Rac8 19. Rh3 Nc4 20. Qc3+ Ne5 21. Qd2 Nc4 22. Qc3+ Ne5 23. Qb3 Ba6 24. a4 Rc5 25. Rc3 Qa5 26. 0-0-0 Rxc3 27. Nxc3 Bxe2 28. Nxe2 Rc8 29. Qb5 Qc7 30. Nd4 Rb8 31. Qe2 Rb4 32. Qa6 Rc4 33. Kb1 Rb4 34. Kc1 Rc4 35. f3 Qc5 36. c3 Kf8 37. Kb1 Qb6 38. Qb5 Qc7 39. f4 Ng4 40. Re1 Nf6 41. f5 Rc5 42. Qd3 gxf5 43. Nxf5 Rxd5 44. Qf3 Re5 45. Rxe5 dxe5 46. Qe3 1/2-1/2

[Event "SM-2021-0-00441"]
[Site "LSS email"]
[Date "2021.02.25"]
[Round "?"]
[White "Hughes, Stephen J"]
[Black "Guerra Lopez, Raul"]
[Result "1-0"]
[WhiteElo "2275"]
[BlackElo "2211"]
[PlyCount "45"]
[EventDate "2020.12.31"]
[EventType "tourn (corr)"]
[EventRounds "6"]
[EventCountry "GER"]
[SourceTitle "Corr 2024"]
[Source "ChessBase"]
[SourceDate "2023.10.19"]
[SourceVersion "1"]
[SourceVersionDate "2023.10.19"]
[SourceQuality "1"]

1. e4 e5 2. Nf3 Nc6 3. d4 exd4 4. Nxd4 Nf6 5. Nxc6 bxc6 6. e5 Qe7 7. Qe2 Nd5 8. c4 Nb6 9. Nc3 Qe6 10. Qe4 Ba6 11. b3 Bb4 12. Bd2 Bxc3 13. Bxc3 d5 14. Qh4 dxc4 15. Rc1 Qg6 16. bxc4 Rd8 17. Bb4 Rd7 18. c5 Bxf1 19. cxb6 axb6 20. Kxf1 Qd3+ 21. Ke1 c5 22. Bc3 0-0 23. Qg4 1-0

[Event "SM-2021-0-00441"]
[Site "LSS email"]
[Date "2021.02.24"]
[Round "?"]
[White "Zielinski, Sergej"]
[Black "Hughes, Stephen J"]
[Result "1/2-1/2"]
[WhiteElo "2295"]
[BlackElo "2275"]
[PlyCount "93"]
[EventDate "2020.12.31"]
[EventType "tourn (corr)"]
[EventRounds "6"]
[EventCountry "GER"]
[SourceTitle "Corr 2024"]
[Source "ChessBase"]
[SourceDate "2023.10.19"]
[SourceVersion "1"]
[SourceVersionDate "2023.10.19"]
[SourceQuality "1"]

1. Nf3 d5 2. g3 Nf6 3. Bg2 c6 4. 0-0 Bg4 5. c4 e6 6. d3 dxc4 7. dxc4 Nbd7 8. Nc3 Bh5 9. a3 Be7 10. Bf4 h6 11. Qc2 g5 12. Bd2 Bg6 13. e4 a5 14. Rad1 Qc7 15. Rfe1 Bh5 16. Na4 Ne5 17. Nxe5 Bxd1 18. Qxd1 Qxe5 19. Bc3 Qc7 20. Qf3 g4 21. Qe3 c5 22. e5 Nd7 23. Qe4 h5 24. Qxb7 Qxb7 25. Bxb7 Ra7 26. Bc6 Kf8 27. Bb5 Kg7 28. Rd1 Rd8 29. Rd3 Kg6 30. Kg2 h4 31. Kf1 Kg5 32. Ke2 hxg3 33. hxg3 Kf5 34. Re3 Bg5 35. f4 gxf3+ 36. Rxf3+ Kg6 37. Rd3 Kf5 38. Rf3+ Kg6 39. Bxd7 Raxd7 40. Nxc5 Rc7 41. Ne4 Rxc4 42. Nd6 Rg4 43. Nxf7 Rd5 44. Nxg5 Kxg5 45. Bd2+ Kh5 46. Bc3 Kg5 47. Bd2+ 1/2-1/2

[Event "SM-2020-0-00427"]
[Site "LSS email"]
[Date "2020.04.17"]
[Round "?"]
[White "Hughes, Stephen J"]
[Black "Rita, Giacomo"]
[Result "1/2-1/2"]
[WhiteElo "2238"]
[BlackElo "2301"]
[PlyCount "77"]
[EventDate "2020.04.01"]
[EventType "tourn (corr)"]
[EventRounds "6"]
[EventCountry "GER"]
[SourceTitle "Corr 2024"]
[Source "ChessBase"]
[SourceDate "2023.10.19"]
[SourceVersion "1"]
[SourceVersionDate "2023.10.19"]
[SourceQuality "1"]

1. e4 c5 2. Nf3 d6 3. d4 cxd4 4. Nxd4 Nf6 5. Nc3 a6 6. Be3 e5 7. Nb3 Be7 8. f3 Be6 9. Qd2 0-0 10. 0-0-0 b5 11. Nd5 Nxd5 12. exd5 Bd7 13. f4 Bg4 14. Re1 Bf5 15. fxe5 dxe5 16. Bd3 Bxd3 17. Qxd3 Nd7 18. d6 Bg5 19. Kb1 Bxe3 20. Qxe3 Qb8 21. Rd1 Qa7 22. Qh3 Rad8 23. a3 Qa8 24. g4 Nf6 25. Rhe1 Ne4 26. d7 Nf2 27. Qc3 Nxd1 28. Rxd1 Qg2 29. Qxe5 Qxg4 30. Qd6 Qe6 31. Qd4 f6 32. Nc5 Qe5 33. Qb4 Qf5 34. Qd4 Qe5 35. Qb4 Qf5 36. a4 Rf7 37. axb5 axb5 38. Qxb5 Rdxd7 39. Rxd7 1/2-1/2

[Event "SM-2020-0-00427"]
[Site "LSS email"]
[Date "2020.04.14"]
[Round "?"]
[White "Hughes, Stephen J"]
[Black "Schenning, Albert"]
[Result "1/2-1/2"]
[WhiteElo "2238"]
[BlackElo "2208"]
[PlyCount "62"]
[EventDate "2020.04.01"]
[EventType "tourn (corr)"]
[EventRounds "6"]
[EventCountry "GER"]
[SourceTitle "Corr 2024"]
[Source "ChessBase"]
[SourceDate "2023.10.19"]
[SourceVersion "1"]
[SourceVersionDate "2023.10.19"]
[SourceQuality "1"]

1. e4 c5 2. Nf3 d6 3. d4 cxd4 4. Nxd4 Nf6 5. Nc3 g6 6. Be3 Bg7 7. f3 0-0 8. Qd2 Nc6 9. 0-0-0 d5 10. exd5 Nxd5 11. Nxc6 bxc6 12. Bd4 Bxd4 13. Qxd4 Qb6 14. Na4 Qa5 15. b3 Qc7 16. g4 Bb7 17. Re1 c5 18. Qe5 Rfc8 19. Bc4 e6 20. Rhf1 Nb6 21. Qxc7 Rxc7 22. Nxb6 axb6 23. a4 Bd5 24. Bxd5 exd5 25. Kb2 d4 26. Re4 Rd8 27. f4 Kg7 28. Rd1 h5 29. g5 Rcd7 30. Rd2 Rd6 31. Rd3 Kf8 1/2-1/2

[Event "SA-2019-0-00706"]
[Site "LSS email"]
[Date "2019.11.14"]
[Round "?"]
[White "Morcin, Tom"]
[Black "Hughes, Stephen J"]
[Result "1/2-1/2"]
[WhiteElo "2173"]
[BlackElo "2253"]
[PlyCount "89"]
[EventDate "2019.10.25"]
[EventType "tourn (corr)"]
[EventRounds "6"]
[EventCountry "GER"]
[SourceTitle "Corr 2022"]
[Source "ChessBase"]
[SourceDate "2021.10.24"]
[SourceVersion "1"]
[SourceVersionDate "2021.10.24"]
[SourceQuality "1"]

1. e4 e6 2. d4 d5 3. Nc3 Nf6 4. e5 Nfd7 5. f4 c5 6. Nf3 Nc6 7. Be3 Qb6 8. Na4 Qa5+ 9. c3 c4 10. b4 Qc7 11. Be2 Be7 12. 0-0 b6 13. Nb2 f5 14. a4 0-0 15. Qc2 Ndb8 16. Nd1 Bd8 17. Bf2 Ne7 18. h4 Nbc6 19. h5 Qd7 20. Ne3 a6 21. Bh4 Ra7 22. Kf2 h6 23. Rh1 Kh8 24. Kg1 b5 25. a5 Qc7 26. Bf2 Ng8 27. Nh4 Bxh4 28. Bxh4 Qf7 29. Rh3 Qb7 30. g4 fxg4 31. Bxg4 Qa8 32. Ng2 Raf7 33. Bg3 Nge7 34. Nh4 Re8 35. Qg2 Nf5 36. Bxf5 exf5 37. Ng6+ Kh7 38. Qxd5 Be6 39. Qg2 Rd8 40. Re1 Bd5 41. Qf2 Re8 42. Bh4 Qc8 43. Rhe3 Re6 44. Kh2 Qe8 45. Rg1 1/2-1/2

[Event "SA-2019-0-00706"]
[Site "LSS email"]
[Date "2019.11.14"]
[Round "?"]
[White "Muniz Pardino, Alberto"]
[Black "Hughes, Stephen J"]
[Result "1/2-1/2"]
[WhiteElo "2297"]
[BlackElo "2253"]
[PlyCount "95"]
[EventDate "2019.10.25"]
[EventType "tourn (corr)"]
[EventRounds "6"]
[EventCountry "GER"]
[SourceTitle "Corr 2022"]
[Source "ChessBase"]
[SourceDate "2021.10.24"]
[SourceVersion "1"]
[SourceVersionDate "2021.10.24"]
[SourceQuality "1"]

1. d4 d5 2. c4 e6 3. Nc3 Nf6 4. Nf3 c6 5. e3 Nbd7 6. Qc2 Bd6 7. Be2 dxc4 8. Bxc4 0-0 9. 0-0 h6 10. Rd1 Qc7 11. h3 Re8 12. b3 a6 13. Bb2 b5 14. Bd3 Bb7 15. a4 Rac8 16. Qe2 Bf8 17. Rac1 Qb6 18. e4 b4 19. Nb1 c5 20. Nbd2 Red8 21. Bb1 Qc7 22. Qd3 Nh5 23. e5 g6 24. Ne4 Qb8 25. Qd2 Bg7 26. Nd6 Bxf3 27. gxf3 Rc7 28. Rc4 Rf8 29. Rdc1 Qd8 30. f4 Nb6 31. Rxc5 Rd7 32. Qe3 Qh4 33. f5 Nd5 34. Qf3 Ndf4 35. Kh2 exf5 36. Bxf5 Ne6 37. Bxe6 fxe6 38. Rc8 Rdd8 39. Rxd8 Qxd8 40. Qe3 Qh4 41. Rc8 Rxc8 42. Nxc8 Nf4 43. Qf3 Nxh3 44. Qg3 Qd8 45. Kxh3 Qxc8 46. Qxg6 Qc6 47. Kh2 Qf3 48. Qxe6+ 1/2-1/2

[Event "SA-2019-0-00697"]
[Site "LSS email"]
[Date "2019.09.06"]
[Round "?"]
[White "Hughes, Stephen J"]
[Black "Bujdak, Pavel"]
[Result "1/2-1/2"]
[WhiteElo "2253"]
[BlackElo "2091"]
[PlyCount "64"]
[EventDate "2019.07.31"]
[EventType "tourn (corr)"]
[EventRounds "6"]
[EventCountry "GER"]
[SourceTitle "Corr 2022"]
[Source "ChessBase"]
[SourceDate "2021.10.24"]
[SourceVersion "1"]
[SourceVersionDate "2021.10.24"]
[SourceQuality "1"]

1. e4 c5 2. Nf3 d6 3. d4 cxd4 4. Nxd4 Nf6 5. Nc3 a6 6. Be3 e5 7. Nb3 Be6 8. f3 h5 9. Qd2 Nbd7 10. Nd5 Bxd5 11. exd5 g6 12. 0-0-0 Nb6 13. Qa5 Bh6 14. Bxh6 Rxh6 15. g3 Nbd7 16. Qd2 Rh8 17. Kb1 Kf8 18. f4 Kg7 19. h3 b5 20. Bg2 Qb6 21. a3 Rac8 22. Rhf1 Rhe8 23. fxe5 dxe5 24. g4 hxg4 25. hxg4 Nxg4 26. Bh3 Rc4 27. Bxg4 Rxg4 28. d6 Rh8 29. Qc3 Rc4 30. Qd2 Rhh4 31. Qg5 f6 32. Qd2 Qb8 1/2-1/2